00478nam a2200169 4500001000700000003000900007005001700016007000300033008004100036100002000077245008100097250001400178260004200192300002100234700002100255852003200276111143ES-MaACL20230906185241.0t|061121s1967 xxk r ||||1| eng d1 aNaylor, Vera M.14aThe sufferings of the cancer patients / cVera M. Naylor and David Michaels. a1st publ. aLondon : bHutchinson Benham, c1967. a93 p. ; c22 cm.1 aMichaels, David. aES-MaACLjC-37000 bR.69943